"Tiszteljétek az észt, ám inkább a szívetekre hallgassatok!" a francia forradalom érzelemtörténeti perspektívából /

In recent decades, a number of French and English-language publications have discussed the French Revolution from an emotional history perspective. This paper will attempt to present their methodology, report on their results and occasionally criticize certain aspects of their approach. The history...

Teljes leírás

Elmentve itt :
Bibliográfiai részletek
Szerző: Balázs Péter
Dokumentumtípus: Cikk
Megjelent: 2024
Sorozat:Aetas 39 No. 1
Kulcsszavak:Forradalom - Franciaország - 18. sz.
Tárgyszavak:
doi:10.14232/aetas.2024.1.119-140

Online Access:http://acta.bibl.u-szeged.hu/88203
LEADER 01543nab a2200241 i 4500
001 acta88203
005 20250724152304.0
008 250724s2024 hu o 000 hun d
022 |a 0237-7934 
024 7 |a 10.14232/aetas.2024.1.119-140  |2 doi 
040 |a SZTE Egyetemi Kiadványok Repozitórium  |b hun 
041 |a hun 
041 |a eng 
100 1 |a Balázs Péter 
245 1 0 |a "Tiszteljétek az észt, ám inkább a szívetekre hallgassatok!"   |h [elektronikus dokumentum] :  |b a francia forradalom érzelemtörténeti perspektívából /  |c  Balázs Péter 
260 |c 2024 
300 |a 119-140 
490 0 |a Aetas  |v 39 No. 1 
520 3 |a In recent decades, a number of French and English-language publications have discussed the French Revolution from an emotional history perspective. This paper will attempt to present their methodology, report on their results and occasionally criticize certain aspects of their approach. The history of emotions attempts to bring new areas of human existence under systematic historiographical scrutiny, obviously enriching our knowledge and complexity of the past, but the cardinal question for any such expansive effort is whether the representatives of the new paradigm can meaningfully combine their achievements with those of more traditional forms of historiography. 
650 4 |a Bölcsészettudományok 
650 4 |a Történettudomány és régészet 
695 |a Forradalom - Franciaország - 18. sz. 
856 4 0 |u http://acta.bibl.u-szeged.hu/88203/1/aetas_2024_001_119-140.pdf  |z Dokumentum-elérés